000 00968nam a2200277 a 4500
001 BRCA_940
005 20190320203220.0
008 790228s1988 mx-#---##b---#001-0#spa-#
020 _a9681630289
040 _aDLC
_cDLC
_dDLC
041 _agerspa
050 4 _aHD1471.M4
_b.N53 1988
100 1 _aNickel, Herbert J.
_9277
245 1 0 _aMorfología social de la hacienda mexicana
_cvon Herbert J. Nickel ; traducción Angelica Scherp.
260 _aMéxico
_bFCE
_c1988
300 _a485 p.
_c23 cm.
440 0 _aSección de obras de historia
_93107
500 _aTraducción de : Soziale Morphologie der Mexikanischen Hacienda
500 _aIncluye índice de ilustraciones, índice de cuadros y apéndice
504 _aBibliografía: p. 449-473
650 1 4 _aHaciendas
_xHistoria
_zMéxico
_9276
650 1 4 _aHaciendas
_xHistoria
_zPuebla (México)
_93108
651 4 _aMéxico
_xCondiciones rurales
_93109
700 1 _aScherp, Angelica
_93110
942 _2lcc
_cB
999 _c829
_d829